Investment and securities markets in India / (Record no. 126903)

MARC details
000 -LEADER
fixed length control field 00695nam a22002297a 4500
005 - DATE AND TIME OF LATEST TRANSACTION
control field 20170124110016.0
010 ## - LIBRARY OF CONGRESS CONTROL NUMBER
LC control number A-952474
020 ## - INTERNATIONAL STANDARD BOOK NUMBER
Terms of availability 00.00
035 ## - SYSTEM CONTROL NUMBER
System control number A-952474
037 ## - SOURCE OF ACQUISITION
Source of stock number/acquisition Cen Lib/Ret
040 ## - CATALOGING SOURCE
Original cataloging agency DPL
Language of cataloging EN
082 ## - DEWEY DECIMAL CLASSIFICATION NUMBER
Classification number 332.6
Item number AVA
100 ## - MAIN ENTRY--PERSONAL NAME
Personal name Avadhani, V. A.
9 (RLIN) 74518
245 ## - TITLE STATEMENT
Title Investment and securities markets in India /
Statement of responsibility, etc by V. A. Avadhani
250 ## - EDITION STATEMENT
Edition statement 4th rev. ed.
260 ## - PUBLICATION, DISTRIBUTION, ETC. (IMPRINT)
Place of publication, distribution, etc Mumbai
Name of publisher, distributor, etc Himalaya Publishing House
Date of publication, distribution, etc 1998
270 ## - ADDRESS
Address Ramdoot,Dr. Bhalerao Marg, Girgaon
City New Delhi
Postal code 400004
300 ## - PHYSICAL DESCRIPTION
Extent 484p.
Dimensions 22cm(Hb)
650 ## - SUBJECT ADDED ENTRY--TOPICAL TERM
Topical term or geographic name as entry element Securities
Geographic subdivision India
9 (RLIN) 18807
650 ## - SUBJECT ADDED ENTRY--TOPICAL TERM
Topical term or geographic name as entry element Securities--Government policy
9 (RLIN) 18808
942 ## - ADDED ENTRY ELEMENTS (KOHA)
Source of classification or shelving scheme Dewey Decimal Classification
Koha item type English Books
Classification part 332.6
Call number suffix AVA
Holdings
Withdrawn status Lost status Damaged status Not for loan Home library Current library Date acquired Source of acquisition Cost, normal purchase price Total Checkouts Full call number Barcode Date last seen Date checked out Copy number Cost, replacement price Price effective from Koha item type Source of classification or shelving scheme
        Central Library Central Library 26/06/2015 Cen Lib/Ret 0.00 1 332.6 AVA A-952474 01/05/2023 17/04/2023 1 0.00 26/06/2015 English Books  
        Central Library Central Library 01/11/2016   0.00   332.6 AVA A-945558 01/11/2016   2 0.00 01/11/2016 English Books Dewey Decimal Classification

© Delhi Public Library
Hit Counter
free hit counter